C # : An Object Oriented Approach (Record no. 638)

MARC details
000 -LEADER
Fixed length control field 00448nam a2200169 4500
003 - CONTROL NUMBER IDENTIFIER
Control field SEACOMMC
005 - DATE AND TIME OF LATEST TRANSACTION
Control field 20250421153924.0
008 - FIXED-LENGTH DATA ELEMENTS--GENERAL INFORMATION
Fixed length control field 241007b |||||||| |||| 00| 0 eng d
020 ## - INTERNATIONAL STANDARD BOOK NUMBER / ISBN
International Standard Book Number 81-87328-51-7
Price Rs.320.00
040 ## - CATALOGING SOURCE
Original cataloging agency SEACOMMC
082 ## - DEWEY DECIMAL CLASSIFICATION NUMBER
Classification number 005.133
Book Number X 3
100 ## - MAIN ENTRY--PERSONAL NAME
Personal name Xavier, C
245 1# - TITLE STATEMENT
Title C # : An Object Oriented Approach
Statement of responsibility C Xavier
260 ## - IMPRINT
Place of publication Chennai
Name of publisher Scitech Publications
Date of publication c2001
650 ## - SUBJECT ADDED ENTRY--TOPICAL TERM
Topical term Computer Science
942 ## - ADDED ENTRY ELEMENTS (KOHA)
Koha item type Books
Holdings
Withdrawn status Lost status Source of classification Damaged status Not for loan Home library Current library Date acquired Total Checkouts Call number Accession number Date last seen Price effective from Koha item type Copy number
    Dewey Decimal Classification     SEACOM MANAGEMENT COLLEGE SEACOM MANAGEMENT COLLEGE 11/10/2007   005.133 X 3 M-445 07/10/2024 07/10/2024 Books  
    Dewey Decimal Classification     SEACOM MANAGEMENT COLLEGE SEACOM MANAGEMENT COLLEGE 11/10/2007   005.133 X 3 M-446 07/10/2024 07/10/2024 Books 1
    Dewey Decimal Classification     SEACOM MANAGEMENT COLLEGE SEACOM MANAGEMENT COLLEGE 11/10/2007   005.133 X 3 M-447 07/10/2024 07/10/2024 Books 2
© Seacom Engineering College, All rights reserved.    Powered by Koha